| 000 | 00590nam a2200181 a 4500 | ||
|---|---|---|---|
| 001 | 000035898 | ||
| 005 | 20200930074713.0 | ||
| 008 | 111115s19uu ru a 000 0 spa d | ||
| 040 |
_aDO-SdBNP _bspa _cBNPHU |
||
| 082 |
_axxx _bT188 |
||
| 100 | 1 |
_aTarle, Evgeniiï Viktorovich, _d1874-1955. _961894 |
|
| 245 | 1 | 0 |
_aNapoleón / _cE. Tarlé ; traduit du J. Champenois ; Presentation de D. Bisti. |
| 250 | _a2a ed. | ||
| 260 |
_aMoscou : _bEditions en langues etrangeres, _c[19--?]. |
||
| 300 |
_a590 p. : _bil. ; _c21 cm. |
||
| 700 | 1 |
_aChampenois, J., _etr. _961895 |
|
| 700 | 1 |
_aBisti, D., _961896 |
|
| 999 |
_c35389 _d35389 |
||